Edward Weston y Tina Modotti en México : su inserción dentro de las estrategias estéticas del arte posrevolucionario /

שמור ב:
מידע ביבליוגרפי
מחבר ראשי: Weston, Edward (fotógrafo)
מחברים אחרים: Modotti, Tina (fotógrafo) (fotógrafo), Figarella, Mariana (investigación) (investigación), Reyes, Aurelio de los (edición y prólogo) (edición y prólogo), Uriarte, María Teresa (presentación) (presentación)
פורמט: ספר
שפה:ספרדית
יצא לאור: México : UNAM, Instituto de Investigaciones Estéticas, 2002, c2002
נושאים:
תגים: הוספת תג
אין תגיות, היה/י הראשונ/ה לתייג את הרשומה!

MARC

LEADER 00000nam^a2200000^a^4500
001 000182489
005 20250521000000.0
009 20260310102007.491
020 |a 968-36-9605-8 
037 |a Acervo ITESO - Biblioteca 
041 |a ESP 
082 |a 770. 972  |b WES MOD 
100 |a Weston, Edward  |e (fotógrafo) 
245 1 0 |a Edward Weston y Tina Modotti en México :  |b su inserción dentro de las estrategias estéticas del arte posrevolucionario /  |c E. Weston, T. Moddotti ; investigación de M. Figarella ; ed. y pról. de A. de los Reyes ; presen. de M.T. Uriarte. 
264 4 |a México :  |b UNAM, Instituto de Investigaciones Estéticas,  |c 2002, c2002 
300 |a 230 p. 
336 |a texto  |b txt  |2 rdacontenido 
337 |a sin mediación  |b n  |2 rdamedio 
338 |a volumen  |b nc  |2 rdasoporte 
545 0 |a Tina Modotti (1896-1942), aunque nacida en Italia y emigrada originalmente a Estados Unidos, fue en el efervescente México de los 20 y 30 donde se desarrolló y alcanzó su plenitud como fotógrafa. Destaca también su militancia comunista, que la llevó primero a la guerra civil española y después a Rusia, y que en todas sus etapas, incluida por supuesto la mexicana, se deja traslucir en su obra; la fotografía de Modotti es una clara manifestación de la estética del nacionalismo revolucionario, lo que en absoluto demerita la calidad poética de su trabajo. 
545 0 |a Nacido en 1886, el norteamericano Edward Weston se interesó por la fotografía desde los 16 años de edad, tras asistir a una exposición en el Art Institute of Chicago, y desarrolló hasta su muerte, acaecida en 1958, una obra que suma aproximadamente 56 mil negativos y que le ubica entre los más grandes exponentes de la fotografía del siglo XX. Tras una primera etapa en que imitaba la iluminación y las siluetas difusas de la pintura impresionista, Weston viró hacia 1915 a un estilo plenamente realista. El encuentro con sus colegas Paul Strand y Alfred Stieglitz, ocurrido en Nueva York en 1922, produjo un fecundo intercambio de ideas. A éste siguió su importante estancia en México durante los años 1923-1926, cuando entró en contacto con los muralistas José Clemente Orozco, Diego Rivera y David Alfaro Siqueiros y con la fotógrafa italiana Tina Modotti, cuyas preocupaciones sociales y políticas influyeron notablemente en Weston. Al regresar a su país, el fotógrafo norteamericano inició una nueva etapa de su obra, centrada temáticamente en elementos de la naturaleza como las rocas, los árboles, la vegetación y las dunas de arena. 
649 |a XX 
650 |a Fotógrafos Italianos 
650 |a Fotógrafos Norteamericanos 
650 |a Artistas Italianos 
650 |a Artistas Norteamericanos 
650 |a Militantes Políticos Italianos 
650 |a Mujeres Italianas 
650 |a Nacionalismo en el Arte -  |z México -  |x Historia y Crítica 
650 |a Fotografía y Sociedad -  |z México -  |x Historia y Crítica 
650 |a Fotografía Mexicana -  |y Siglo XX 
650 |a Fotografía Mexicana -  |x Historia y Crítica 
650 |a Fotografía Norteamericana -  |y Siglo XX 
650 |a Fotografía Norteamericana -  |x Historia y Crítica 
650 |a Arte y Sociedad -  |z México -  |x Historia y Crítica 
650 |a Arte Mexicano -  |y Siglo XX 
650 |a Arte Norteamericano -  |y Siglo XX 
650 |a Arte Mexicano -  |x Historia y Crítica 
650 |a Arte Norteamericano -  |x Historia y Crítica 
650 |a Política -  |z México -  |x Historia -  |y 1910-1946 
650 |a Política -  |z México -  |x Historia -  |y Siglo XX 
650 |a Modotti, Tina -  |x Tema Principal 
650 |a Weston, Edward -  |x Tema Principal 
700 |a Modotti, Tina  |e (fotógrafo) 
700 |a Figarella, Mariana  |e (investigación) 
700 |a Reyes, Aurelio de los  |e (edición y prólogo) 
700 |a Uriarte, María Teresa  |e (presentación) 
910 |a Fondo General 
920 |a Impresos - Libros 
930 |a Reserva Especial 
905 |a 103 
901 |a 0500122010  |b IT1  |c REE  |u 20250521 
902 |a https://opac.biblio.iteso.mx/vufind/Record/000182489